00753nam a22002177a 450000500170000000800410001702000180005804000070007604100120008308200190009510000200011424501360013425000070027026000580027730000240033536500630035965000330042265000300045565000300048570000200051520260323155915.0260323b |||||||| |||| 00| 0 eng d a9789332518414 cAL aEnglish a621.3822bJURS aDaniel Jurafsky aSpeech and language processing b: an introducation to natural language processing computational linguistics and speech recognition a2. aNoidabPearson India Education Services Pvt Ltdc2025 a940p. bPBc25x20cm aABDI/0854/26b₹1035.00c₹d₹1380.00e25%f19-02-2026 aAutomatic speech recognition aComputational linguistics aSpeech processing systems aMartin, James H